000 01280nam0a22003011 4500
001 rc\198549
005 20260407103115.0
035 _a(NLR Aleph) 005452485
090 _a4872209
_c4872209
100 _a20030307d1996 |||y0rusy50 ca
101 0 _arus
102 _aRU
105 _ay |||||||||
200 1 _aШестые Сахаровские чтения [20-21 мая 1996 г.]
_eНауч. конф. школьников
_eТез. докл.
_fОтв. ред. Н.М. Химин
210 _aСПб.
_cБ. и.
_d1996
215 _a340 с.
_d20
300 _aВ надзаг.: Физ.-техн. ин-т им. А.Ф. Иоффе, С.-Петерб. гос. техн. ун-т, Лицей "Физ.-техн. шк."
300 _aЧ. текста: англ.
300 _aПредисл. парал.: рус., англ.
320 _aБиблиогр. в конце докл.
702 1 _aХимин
_bН.М.
_gНиколай Михайлович
_4340
710 1 2 _a"Сахаровские чтения", научная конференция школьников
_d6
_f1996
_eСанкт-Петербург
_3RU\NLR\AUTH\8810058146
_9617334
801 0 _aRU
_bNLR
_gpsbo
801 1 _aRU
_bELAR
_2rusmarc
852 _aNLR
_j96-3/12599
942 _cBOOK
980 _aNB